[Event "C.to Provinciale BG"]
[Site "Bergamo ITA"]
[Date "2006.10.13"]
[Round "2"]
[White "Bosio, Giovanni"]
[Black "Gerosa, Ottavio"]
[Result "1-0"]
[WhiteElo "1643"]
[BlackElo "1458"]
[PlyCount "63"]
[EventDate "2006.10.06"]

1. d4 d5 2. c4 e6 3. e3 c5 4. Nf3 Bd6 5. Nc3 Qa5 6. Bd2 cxd4 7. Nxd4 Nc6 8.
Nxd5 Bb4 9. Nxb4 Nxb4 10. a3 Nf6 11. Bxb4 Qd8 12. Bd3 b6 13. Qf3 Bd7 14. O-O e5
15. Nc6 Bg4 16. Qxg4 Nxg4 17. Nxd8 Rxd8 18. Rad1 a5 19. Bc3 O-O 20. Bf5 h5 21.
Bxg4 hxg4 22. Bxe5 Rc8 23. b3 a4 24. bxa4 Rxc4 25. Rd4 Rc5 26. Bd6 Rcc8 27.
Bxf8 Rxf8 28. Rb1 Rc8 29. g3 Rb8 30. Rxg4 g6 31. a5 b5 32. a4 1-0

[Event "C.to Provinciale BG"]
[Site "Bergamo ITA"]
[Date "2006.10.13"]
[Round "2"]
[White "Cambieri, Mario"]
[Black "Merletti, Vincenzo"]
[Result "1-0"]
[WhiteElo "1877"]
[BlackElo "1545"]
[PlyCount "79"]
[EventDate "2006.10.06"]

1. c4 e5 2. Nc3 Nf6 3. g3 Be7 4. Bg2 O-O 5. Nf3 d6 6. O-O Nc6 7. d4 exd4 8.
Nxd4 Nxd4 9. Qxd4 c6 10. Rd1 a6 11. Bg5 Be6 12. b3 Ne8 13. Bf4 Bf6 14. Qd3 Qa5
15. Bd2 Qf5 16. e4 Qh5 17. Rac1 Bg4 18. Re1 Bh3 19. f4 Bxg2 20. Kxg2 Rd8 21.
Qe2 Qxe2+ 22. Nxe2 Nc7 23. Bb4 Rfe8 24. Kf3 Ne6 25. Rcd1 c5 26. Ba5 Rd7 27. e5
Be7 28. Rd5 Nc7 29. Bxc7 Rxc7 30. exd6 Bxd6 31. Rxd6 Rce7 32. Rd2 f5 33. Red1
h6 34. Kf2 Kh7 35. Nc1 g5 36. fxg5 hxg5 37. Rd7 Kh6 38. R1d6+ Kh5 39. Rxe7 Rxe7
40. Rd5 1-0

[Event "C.to Provinciale BG"]
[Site "Bergamo ITA"]
[Date "2006.10.13"]
[Round "2"]
[White "Cammarota, Vittorio"]
[Black "Longo, Pietro"]
[Result "0-1"]
[WhiteElo "1926"]
[BlackElo "1772"]
[PlyCount "114"]
[EventDate "2006.10.06"]

1. Nf3 Nf6 2. d4 g6 3. Bf4 Bg7 4. e3 O-O 5. h3 d6 6. Be2 c5 7. c3 Qb6 8. Qb3
Be6 9. dxc5 Bxb3 10. cxb6 axb6 11. a3 Nc6 12. O-O Na5 13. Nbd2 Ba4 14. Rfe1
Rfc8 15. Bd1 Bd7 16. Bc2 b5 17. Rad1 Nc4 18. Nxc4 bxc4 19. e4 Rd8 20. e5 dxe5
21. Bxe5 e6 22. Rd2 Nd5 23. Bxg7 Kxg7 24. Red1 Ba4 25. Bxa4 Rxa4 26. Rd4 b5 27.
Ng5 Ra7 28. Re1 Rad7 29. Nf3 Nb6 30. Red1 Rxd4 31. Rxd4 Rxd4 32. Nxd4 Na4 33.
Nxb5 Nxb2 34. f4 Kf6 35. Kf2 e5 36. Kf3 exf4 37. Kxf4 Ke6 38. Ke4 f5+ 39. Kf4
h6 40. h4 Na4 41. Nc7+ Kd6 42. Nb5+ Kc5 43. Nd4 Nxc3 44. Nc2 Nd5+ 45. Ke5 c3
46. g3 Kc4 47. a4 Nb4 48. Ne3+ Kd3 49. Kf4 g5+ 50. hxg5 hxg5+ 51. Kf3 c2 52.
Nxc2 Nxc2 53. a5 Nb4 54. Kf2 Ke4 55. Ke2 g4 56. Kf2 Kd3 57. Kg2 Ke3 0-1

[Event "C.to Provinciale BG"]
[Site "Bergamo ITA"]
[Date "2006.10.13"]
[Round "2"]
[White "Di Mauro, Valerio"]
[Black "Luizaga, Lucas"]
[Result "1-0"]
[WhiteElo "1586"]
[BlackElo "1428"]
[PlyCount "35"]
[EventDate "2006.10.06"]

1. e4 e5 2. Nf3 Nc6 3. d4 f6 4. Bc4 d6 5. O-O Bg4 6. c3 exd4 7. cxd4 Bxf3 8.
Qxf3 Nxd4 9. Qh5+ g6 10. Qd5 Nf3+ 11. gxf3 Ne7 12. Qf7+ Kd7 13. Be6+ Kc6 14.
Qxf6 Rg8 15. Qc3+ Kb6 16. Qb3+ Kc6 17. Bg5 Qe8 18. Rc1# 1-0

[Event "C.to Provinciale BG"]
[Site "Bergamo ITA"]
[Date "2006.10.13"]
[Round "2"]
[White "Elsido, Massimo"]
[Black "Valsecchi, Alessio"]
[Result "0-1"]
[WhiteElo "1790"]
[BlackElo "2030"]
[PlyCount "80"]
[EventDate "2006.10.06"]

1. e4 e6 2. d4 d5 3. e5 c5 4. c3 Nc6 5. Nf3 Qb6 6. a3 a5 7. Qd3 c4 8. Qc2 a4 9.
Nbd2 Bd7 10. Ng5 Na5 11. Nxh7 Be7 12. f4 Nh6 13. Nf3 Nf5 14. Nfg5 Nb3 15. Rb1
f6 16. g4 fxg5 17. gxf5 gxf4 18. f6 gxf6 19. Qg6+ Kd8 20. exf6 Bd6 21. f7 Kc7
22. Rg1 Nxc1 23. Qg8 Raxg8 24. fxg8=Q Rxg8 25. Rxg8 Bxa3 26. Rg7 Bxb2 27. Kf2
a3 28. Nf8 Qd6 29. Rxd7+ Qxd7 30. Nxd7 Kxd7 31. h4 a2 32. Rxb2 a1=Q 33. Rxb7+
Kc6 34. Rf7 Qb2+ 35. Kf3 Qxc3+ 36. Kxf4 Qxd4+ 37. Kg5 Nd3 38. Bxd3 cxd3 39. h5
d2 40. Rf1 d1=Q 0-1

[Event "C.to Provinciale BG"]
[Site "Bergamo ITA"]
[Date "2006.10.13"]
[Round "2"]
[White "Impellizzeri, Francesco"]
[Black "Nasoni, Paolo"]
[Result "0-1"]
[WhiteElo "1688"]
[BlackElo "1901"]
[PlyCount "104"]
[EventDate "2006.10.06"]

1. d4 d5 2. c4 c6 3. Nf3 dxc4 4. a4 Nf6 5. Nc3 Nd5 6. a5 Bf5 7. Nh4 Be6 8. e4
Nxc3 9. bxc3 Na6 10. f4 g6 11. g4 f6 12. f5 Bf7 13. Ng2 b5 14. axb6 axb6 15.
Bf4 g5 16. Bg3 h5 17. Be2 h4 18. Bf2 Nc7 19. Ne3 b5 20. O-O e6 21. Qc2 Bd6 22.
fxe6 Nxe6 23. Rxa8 Qxa8 24. Nf5 Bf4 25. Qb2 Qb8 26. h3 Bh2+ 27. Kh1 Bd6 28. Bg1
b4 29. Nxd6+ Qxd6 30. Bh2 bxc3 31. Qxc3 Qxd4 32. Qxc4 Qxc4 33. Bxc4 Ke7 34. e5
Nf4 35. exf6+ Kxf6 36. Bxf7 Kxf7 37. Bxf4 gxf4 38. Rxf4+ Ke6 39. Rf5 Kd6 40.
Kg2 c5 41. Kf3 Ra8 42. g5 c4 43. g6 Ra3+ 44. Kg4 Rg3+ 45. Kh5 Ke6 46. Rf4 c3
47. Kh6 Ke5 48. Rf1 Rxh3 49. g7 Rg3 50. Kh7 Kd4 51. g8=Q Rxg8 52. Kxg8 52...
Kd3 $138 0-1

[Event "C.to Provinciale BG"]
[Site "Bergamo ITA"]
[Date "2006.10.13"]
[Round "2"]
[White "Lanni, Vincenzo"]
[Black "Oteri, Aldo"]
[Result "0-1"]
[WhiteElo "1784"]
[BlackElo "1954"]
[PlyCount "40"]
[EventDate "2006.10.06"]

1. d4 d5 2. g3 g6 3. Bg2 Bg7 4. Nf3 Nf6 5. O-O O-O 6. c3 Bg4 7. Nbd2 Nbd7 8. h3
Bxf3 9. Nxf3 c5 10. Qb3 Qb6 11. Qxb6 axb6 12. g4 e6 13. Bf4 cxd4 14. Bd6 Rfc8
15. Nxd4 Ne8 16. Ba3 Ne5 17. Nb5 Nc4 18. e4 Ra5 19. Nd4 Nxa3 20. bxa3 Rxc3 0-1

[Event "C.to Provinciale BG"]
[Site "Bergamo ITA"]
[Date "2006.10.13"]
[Round "2"]
[White "Maggioni, Oliviero"]
[Black "Salvetti, Carlo"]
[Result "0-1"]
[WhiteElo "1550"]
[BlackElo "1377"]
[PlyCount "86"]
[EventDate "2006.10.06"]

1. d4 c6 2. c4 d5 3. c5 Bf5 4. Bf4 Nf6 5. g3 Bxb1 6. Rxb1 Qa5+ 7. b4 Qxa2 8.
Bg2 Ne4 9. Bxe4 dxe4 10. e3 Nd7 11. Ne2 Qc4 12. O-O b6 13. Bc7 Rc8 14. Bf4 Rd8
15. Qe1 e5 16. dxe5 bxc5 17. bxc5 Qxc5 18. Rc1 Qd5 19. Qc3 Qd3 20. Nd4 Qxc3 21.
Rxc3 c5 22. Nc6 Ra8 23. Ra1 a6 24. Rca3 Nb6 25. Nb8 Rxb8 26. Rxa6 Be7 27. e6
Rc8 28. Ra8 O-O 29. Rxc8 Rxc8 30. exf7+ Kxf7 31. Be5 Bf6 32. Bxf6 Kxf6 33. Rc1
Ke5 34. Kf1 c4 35. Ke2 c3 36. Rc2 Kd5 37. f3 exf3+ 38. Kxf3 Kc4 39. Ke2 Kb3 40.
Kd1 Rd8+ 41. Kc1 Rf8 42. Kb1 Rf1+ 43. Rc1 c2+ 0-1

[Event "C.to Provinciale BG"]
[Site "Bergamo ITA"]
[Date "2006.10.13"]
[Round "2"]
[White "Molteni, Costantino"]
[Black "Cattaneo, Dario"]
[Result "1-0"]
[WhiteElo "1950"]
[BlackElo "1508"]
[PlyCount "77"]
[EventDate "2006.10.06"]

1. d4 e6 2. c4 d5 3. Nf3 Nf6 4. g3 Be7 5. Bg2 O-O 6. O-O Nbd7 7. b3 b6 8. Nc3
Bb7 9. Bb2 Re8 10. Rc1 Rc8 11. Ne5 Nf8 12. e3 c5 13. Ne2 Rc7 14. Rc2 Bd6 15.
Nf4 Bxe5 16. dxe5 N6d7 17. cxd5 exd5 18. Nxd5 Bxd5 19. Qxd5 Ng6 20. Rd1 Qe7 21.
f4 Nb8 22. Bh3 Nc6 23. Bc3 h5 24. Rcd2 h4 25. Bd7 Rd8 26. e6 f6 27. Qh5 Nf8 28.
Bxc6 Rxd2 29. Rxd2 Rxc6 30. f5 c4 31. Bd4 cxb3 32. axb3 Rc1+ 33. Kf2 hxg3+ 34.
hxg3 Qb4 35. Qf7+ Kh8 36. Re2 Nxe6 37. Qxe6 Rb1 38. Kf3 Rxb3 39. Rh2# 1-0

[Event "C.to Provinciale BG"]
[Site "Bergamo ITA"]
[Date "2006.10.13"]
[Round "2"]
[White "Mora, Paolo"]
[Black "Mora, Lorenzo"]
[Result "1-0"]
[WhiteElo "2260"]
[BlackElo "1837"]
[PlyCount "35"]
[EventDate "2006.10.06"]

1. e4 c5 2. c3 e5 3. d4 cxd4 4. cxd4 exd4 5. Nf3 Nc6 6. Bc4 Qf6 7. O-O Ne5 8.
Nxe5 Qxe5 9. Qb3 Qh5 10. Bf4 g5 11. Be5 f6 12. Bxd4 Bd6 13. e5 fxe5 14. Re1 Ne7
15. Bxe5 Bxe5 16. Rxe5 d6 17. Re1 b6 18. Qe3 1-0

[Event "C.to Provinciale BG"]
[Site "Bergamo ITA"]
[Date "2006.10.13"]
[Round "2"]
[White "Ranfagni, Stefano"]
[Black "Villa, Claudio"]
[Result "1-0"]
[WhiteElo "2037"]
[BlackElo "1798"]
[PlyCount "83"]
[EventDate "2006.10.06"]

1. e4 e5 2. Nf3 Nc6 3. d4 exd4 4. Nxd4 Bc5 5. Nb3 Bb6 6. a4 a5 7. Nc3 Nf6 8.
Bg5 h6 9. Bh4 Qe7 10. Bd3 Qe5 11. Bg3 Qe7 12. O-O d6 13. Nd5 Nxd5 14. exd5 Ne5
15. Re1 O-O 16. Nd2 Re8 17. Nc4 Bg4 18. Rxe5 Bxd1 19. Rxe7 Rxe7 20. Nxb6 cxb6
21. Rxd1 Rd8 22. f3 Kf8 23. Bf2 Re5 24. Bxb6 Rde8 25. Bb5 Re1+ 26. Rxe1 Rxe1+
27. Kf2 Rd1 28. Bd3 Rd2+ 29. Kg3 Ke7 30. Bxa5 Rd1 31. Bc3 g6 32. b4 b6 33. Bd4
Rb1 34. Bxb6 Rxb4 35. a5 Kd7 36. a6 Kc8 37. a7 Kb7 38. Be3 Rb2 39. Ba6+ Ka8 40.
Bc8 h5 41. Bd7 h4+ 42. Kh3 1-0

[Event "C.to Provinciale BG"]
[Site "Bergamo ITA"]
[Date "2006.10.13"]
[Round "2"]
[White "Sibella, Guido"]
[Black "Mangili, Riccardo"]
[Result "0-1"]
[WhiteElo "1469"]
[BlackElo "1668"]
[PlyCount "116"]
[EventDate "2006.10.06"]

1. e4 c5 2. Nf3 Nc6 3. a3 g6 4. Nc3 Bg7 5. Rb1 d6 6. h3 Nf6 7. b3 O-O 8. Bb2 a6
9. Be2 b5 10. O-O Re8 11. d3 b4 12. Nd5 Nxd5 13. exd5 Bxb2 14. axb4 Bc3 15.
dxc6 cxb4 16. d4 e6 17. Qd3 Re7 18. Nd2 Rc7 19. d5 exd5 20. Bg4 Bxg4 21. hxg4
d4 22. Ne4 Rxc6 23. Nxc3 dxc3 24. Rfe1 Qd7 25. Qd5 Rb8 26. Qf3 Re8 27. Red1 Rc5
28. Rd3 Rce5 29. Re3 Rxe3 30. fxe3 Qe6 31. Re1 d5 32. Rd1 Qxe3+ 33. Qxe3 Rxe3
34. Kf2 Re5 35. Ra1 Re4 36. Ra5 d4 37. Rd5 d3 38. Rxd3 Kg7 39. Rd4 a5 40. g3
Re5 41. Rd7 h5 42. gxh5 Rxh5 43. Kg2 Rf5 44. Rd6 g5 45. Rd7 Kg6 46. Rd6+ f6 47.
g4 Rf4 48. Kg3 Re4 49. Rd3 Re2 50. Rd5 Rxc2 51. Rxa5 Rb2 52. Rc5 Rxb3 53. Kf2
Rb2+ 54. Ke3 c2 55. Rc4 b3 56. Kd2 Rb1 57. Rc3 Rd1+ 58. Ke2 c1=Q 0-1

[Event "C.to Provinciale BG"]
[Site "Bergamo ITA"]
[Date "2006.10.13"]
[Round "2"]
[White "Stefanelli, Alfredo"]
[Black "Gerali, Paolo"]
[Result "1/2-1/2"]
[WhiteElo "1778"]
[BlackElo "1959"]
[PlyCount "69"]
[EventDate "2006.10.06"]

1. e4 c5 2. Nf3 e6 3. c3 Nf6 4. d3 Nc6 5. Be2 d6 6. Bg5 Be7 7. O-O h6 8. Bh4
O-O 9. h3 Bd7 10. Nbd2 b5 11. Bg3 Qb6 12. e5 dxe5 13. Nxe5 Nxe5 14. Bxe5 Bc6
15. Bf3 Rfd8 16. Qe2 Rd7 17. Rad1 Rad8 18. Ne4 Nxe4 19. dxe4 Bd6 20. Bxd6 Rxd6
21. Rxd6 Rxd6 22. Rd1 Rxd1+ 23. Qxd1 Qc7 24. Qd3 e5 25. Be2 Qe7 26. Qe3 b4 27.
f3 Kf8 28. Bc4 bxc3 29. Qxc3 Qd6 30. Qd3 Qd4+ 31. Kh2 Qxd3 32. Bxd3 Ke7 33. Kg3
Bd7 34. Bc4 a5 35. Kf2 1/2-1/2

[Event "C.to Provinciale BG"]
[Site "Bergamo ITA"]
[Date "2006.10.13"]
[Round "2"]
[White "Tentori, Giulio"]
[Black "Canova, Luca"]
[Result "1/2-1/2"]
[WhiteElo "1814"]
[BlackElo "2088"]
[PlyCount "61"]
[EventDate "2006.10.06"]

1. e4 e5 2. Nf3 Nc6 3. d4 exd4 4. c3 d3 5. Bxd3 d6 6. Nd4 Nf6 7. O-O Be7 8. f4
O-O 9. Qf3 Nxd4 10. cxd4 c6 11. Bd2 Ne8 12. f5 Bf6 13. Bc3 Qb6 14. Qf2 Nc7 15.
Nd2 Nb5 16. Bxb5 cxb5 17. a3 Re8 18. Rae1 Bd7 19. e5 dxe5 20. Ne4 exd4 21.
Nxf6+ Qxf6 22. Bxd4 Qg5 23. Re3 Rxe3 24. Bxe3 Qg4 25. f6 g6 26. Qf4 Qxf4 27.
Rxf4 h5 28. Rd4 Bc6 29. h3 Re8 30. Bg5 Re2 31. Rd2 1/2-1/2

[Event "C.to Provinciale BG"]
[Site "Bergamo ITA"]
[Date "2006.10.13"]
[Round "2"]
[White "Testa, Luigi"]
[Black "Guerini, Sara"]
[Result "1/2-1/2"]
[WhiteElo "1572"]
[BlackElo "1380"]
[PlyCount "81"]
[EventDate "2006.10.06"]

1. e4 e5 2. Nf3 Nc6 3. Bc4 Bc5 4. O-O Nf6 5. d3 h6 6. Nc3 O-O 7. Bd2 a6 8. Qc1
Nh7 9. Nd5 b5 10. Bb3 d6 11. c3 Be6 12. d4 exd4 13. cxd4 Nxd4 14. Nxd4 Bxd4 15.
Nxc7 Rc8 16. Nxe6 Rxc1 17. Nxd8 Rxf1+ 18. Kxf1 Rxd8 19. Rb1 Be5 20. Ba5 Rc8 21.
h3 Nf6 22. f3 Nh5 23. Bd1 Ng3+ 24. Kf2 Nh1+ 25. Ke3 Ng3 26. f4 Bf6 27. Be1 Nxe4
28. Kxe4 Re8+ 29. Kf3 Rxe1 30. b3 b4 31. Bc2 Rxb1 32. Bxb1 d5 33. Bd3 a5 34.
Bb5 Kf8 35. Bc6 d4 36. Ke4 Ke7 37. Bd5 Kd6 38. Bc4 Kc5 39. Bxf7 Kb5 40. Bc4+
Kc5 41. g3 1/2-1/2

[Event "C.to Provinciale BG"]
[Site "Bergamo ITA"]
[Date "2006.10.20"]
[Round "3"]
[White "Brambilla, Augusto"]
[Black "Lanni, Vincenzo"]
[Result "0-1"]
[WhiteElo "1374"]
[BlackElo "1784"]
[PlyCount "116"]
[EventDate "2006.10.06"]

1. e4 g6 2. d4 Bg7 3. Nf3 d6 4. c3 Nf6 5. Qd3 O-O 6. h3 c6 7. Be2 Nbd7 8. Nbd2
Nh5 9. Nb3 e5 10. dxe5 dxe5 11. Be3 Nf4 12. Bxf4 exf4 13. Qd6 Qf6 14. Qxf6 Nxf6
15. Bd3 Re8 16. Nbd2 Bf5 17. O-O Bxe4 18. Nxe4 Nxe4 19. Rfe1 Nc5 20. Bc2 Rad8
21. Rxe8+ Rxe8 22. Re1 Rxe1+ 23. Nxe1 f5 24. Nf3 Bf6 25. h4 Nd7 26. Ng5 Bxg5
27. hxg5 Ne5 28. f3 Kg7 29. b3 c5 30. c4 Nf7 31. a3 Nxg5 32. b4 b6 33. Ba4 Kf6
34. Kf2 Ke5 35. Ke2 Kd4 36. Bb3 Kc3 37. bxc5 Kxb3 38. c6 Ne6 39. Kd3 Kxa3 40.
Kc3 Ka4 41. c5 Kb5 42. cxb6 Kxb6 43. Kb4 Kxc6 44. Ka5 Nc5 45. Kb4 Nd3+ 46. Kc3
Ne1 47. Kd2 Nxg2 48. Ke2 a5 49. Kf2 a4 50. Kxg2 a3 51. Kh3 a2 52. Kh4 h6 53.
Kh3 a1=Q 54. Kg2 Qa2+ 55. Kg1 Qe2 56. Kh1 Qxf3+ 57. Kh2 Qg4 58. Kh1 f3 0-1

[Event "C.to Provinciale BG"]
[Site "Bergamo ITA"]
[Date "2006.10.20"]
[Round "3"]
[White "Cattaneo, Dario"]
[Black "Elsido, Massimo"]
[Result "0-1"]
[WhiteElo "1508"]
[BlackElo "1790"]
[PlyCount "100"]
[EventDate "2006.10.06"]

1. d4 Nf6 2. Nf3 g6 3. e3 Bg7 4. Be2 b6 5. O-O Ba6 6. c4 O-O 7. Nbd2 d6 8. b3
Nbd7 9. Bb2 c5 10. d5 Nh5 11. Bxg7 Nxg7 12. h3 e6 13. e4 exd5 14. exd5 Nf6 15.
Re1 Re8 16. Qc2 Nxd5 17. Bd3 Rxe1+ 18. Rxe1 Nb4 19. Qb1 Nxd3 20. Qxd3 Bb7 21.
Ne4 Rb8 22. Qxd6 Qxd6 23. Nxd6 Bxf3 24. gxf3 Ne6 25. Kg2 Rd8 26. Ne4 Kg7 27.
Kg3 Nd4 28. Nc3 Nf5+ 29. Kg2 Rd2 30. Re2 Rxe2 31. Nxe2 Kf6 32. a3 Ke5 33. b4
cxb4 34. axb4 a5 35. c5 axb4 36. cxb6 Kd6 37. Nc1 Kc6 38. Nd3 b3 39. b7 Kc7 40.
Kf1 Nd4 41. f4 Kxb7 42. Nc5+ Kc6 43. Nxb3 Nxb3 44. Kg2 Kd6 45. Kg3 Ke6 46. Kg4
Kf6 47. h4 h5+ 48. Kg3 Kf5 49. Kf3 f6 50. Kg3 Nd4 0-1

[Event "C.to Provinciale BG"]
[Site "Bergamo ITA"]
[Date "2006.10.20"]
[Round "3"]
[White "Gerali, Paolo"]
[Black "Tentori, Giulio"]
[Result "1-0"]
[WhiteElo "1959"]
[BlackElo "1814"]
[PlyCount "57"]
[EventDate "2006.10.06"]

1. d4 d5 2. c4 Nc6 3. Nf3 Nf6 4. cxd5 Qxd5 5. Nc3 Qd6 6. e4 e5 7. d5 Nb8 8. Qc2
a6 9. Be2 Be7 10. O-O O-O 11. h3 Nfd7 12. Be3 Qg6 13. Rfd1 Bd6 14. Nh4 Qf6 15.
Qd2 Bc5 16. Nf5 Bxe3 17. Qxe3 Nb6 18. d6 Bxf5 19. dxc7 Bd7 20. cxb8=Q Raxb8 21.
Rd2 Rbd8 22. Rad1 Qc6 23. Rd6 Nc4 24. Bxc4 Qxc4 25. Rxd7 Rc8 26. Qb6 Rc6 27.
Qxb7 Rg6 28. Qd5 Qb4 29. Rd8 1-0

[Event "C.to Provinciale BG"]
[Site "Bergamo ITA"]
[Date "2006.10.20"]
[Round "3"]
[White "Gerosa, Ottavio"]
[Black "Basletta, Giovanni"]
[Result "0-1"]
[WhiteElo "1458"]
[BlackElo "1377"]
[PlyCount "70"]
[EventDate "2006.10.06"]

1. e4 d6 2. d4 Nf6 3. Bd3 g6 4. Ne2 Bg7 5. O-O O-O 6. Nbc3 c6 7. f4 d5 8. e5
Ne4 9. Nxe4 dxe4 10. Bxe4 e6 11. g4 b6 12. g5 Ba6 13. Be3 Qc7 14. h4 h5 15.
gxh6 Bxh6 16. Qd2 Qe7 17. Qe1 f5 18. Bf3 Kf7 19. h5 g5 20. fxg5 Bxg5 21. Qg3
Bxe3+ 22. Kh1 Rg8 23. Qh2 Bb7 24. h6 c5 25. h7 Rh8 26. Qh5+ Kf8 27. Bxb7 Qxb7+
28. Kh2 Rxh7 29. Qxh7 Qxh7+ 30. Kg2 Nc6 31. Rh1 Qg7+ 32. Kf3 f4 33. Nxf4 Bxf4
34. Rag1 Nxd4+ 35. Kxf4 Ne2+ 0-1

[Event "C.to Provinciale BG"]
[Site "Bergamo ITA"]
[Date "2006.10.20"]
[Round "3"]
[White "Giuliani, Andrea"]
[Black "Cambieri, Mario"]
[Result "0-1"]
[WhiteElo "1580"]
[BlackElo "1877"]
[PlyCount "110"]
[EventDate "2006.10.06"]

1. f4 c5 2. Nf3 d5 3. e3 Nf6 4. b3 e6 5. Bb2 Be7 6. Bb5+ Bd7 7. Bxd7+ Nbxd7 8.
d3 O-O 9. O-O b5 10. Nbd2 Qb6 11. c4 bxc4 12. dxc4 Rad8 13. Qe1 Ne4 14. Nxe4
dxe4 15. Qg3 Nf6 16. Ne5 g6 17. Qe1 Nd7 18. Ng4 h5 19. Nf2 f5 20. Bc3 Qc6 21.
Rd1 Bf6 22. Bxf6 Nxf6 23. Qa5 Qb6 24. Qc3 Kf7 25. Nh3 Rd6 26. Ng5+ Ke7 27. Kf2
Qd8 28. Ke2 Qd7 29. Rxd6 Qxd6 30. Rd1 Qc7 31. h3 Rd8 32. Nh7 Ne8 33. Rxd8 Qxd8
34. Ng5 Nf6 35. Qd2 Qxd2+ 36. Kxd2 h4 37. Kc3 Nd7 38. b4 cxb4+ 39. Kxb4 e5 40.
c5 exf4 41. exf4 Nf6 42. Kc4 Nh5 43. Kd5 Nxf4+ 44. Kc6 Nd3 45. a4 Kf6 46. Nh7+
Ke5 47. Nf8 g5 48. Nh7 Kd4 49. Nxg5 Nxc5 50. a5 Nb3 51. a6 Nc5 52. Kb5 Kd5 53.
Ka5 Nd7 54. Kb5 Ne5 55. Ka5 e3 0-1

[Event "C.to Provinciale BG"]
[Site "Bergamo ITA"]
[Date "2006.10.20"]
[Round "3"]
[White "Guerini, Sara"]
[Black "Gucciardo, Salvatore"]
[Result "0-1"]
[WhiteElo "1380"]
[BlackElo "1560"]
[PlyCount "68"]
[EventDate "2006.10.06"]

1. e4 e6 2. d4 c5 3. Nf3 cxd4 4. Nxd4 Nc6 5. Nf3 Nf6 6. Nc3 Bb4 7. Bd3 d5 8.
Bd2 Bxc3 9. bxc3 dxe4 10. Bc4 exf3 11. Qxf3 O-O 12. Be3 Ne5 13. Qg3 Nxc4 14.
Bh6 Ne8 15. O-O Qf6 16. Bg5 Qg6 17. Be7 Qxg3 18. fxg3 Ned6 19. Bxf8 Kxf8 20.
Rfe1 e5 21. Rad1 Bf5 22. Re2 Bg4 23. Kf1 e4 24. Rd4 Bxe2+ 25. Kxe2 Re8 26. h4
e3 27. a3 Re4 28. Rd5 Ke7 29. a4 Ke6 30. Rd1 Nf5 31. Kf3 Nd2+ 32. Ke2 Nxg3+ 33.
Kd3 Nc4 34. Re1 Ne5# 0-1

[Event "C.to Provinciale BG"]
[Site "Bergamo ITA"]
[Date "2006.10.20"]
[Round "3"]
[White "Longo, Pietro"]
[Black "Molteni, Costantino"]
[Result "0-1"]
[WhiteElo "1772"]
[BlackElo "1950"]
[PlyCount "108"]
[EventDate "2006.10.06"]

1. d4 Nf6 2. c4 e6 3. Nc3 c5 4. d5 exd5 5. cxd5 d6 6. e4 g6 7. Bd3 Bg7 8. Nge2
O-O 9. f3 b6 10. Be3 Na6 11. Qd2 Nc7 12. O-O Re8 13. Rab1 Ba6 14. Bxa6 Nxa6 15.
a3 Rb8 16. b4 Qd7 17. b5 Nc7 18. a4 a5 19. Bh6 Qe7 20. Bg5 Qf8 21. Be3 h5 22.
Bg5 Kh7 23. h3 Bh6 24. g4 Bxg5 25. Qxg5 Qe7 26. Qd2 Kg7 27. g5 Nd7 28. f4 f5
29. Ng3 fxe4 30. Ngxe4 Qf8 31. Rbe1 Rbd8 32. h4 Kh7 33. Qf2 Qf5 34. Nxd6 Qg4+
35. Qg2 Rxe1 36. Rxe1 Qxf4 37. Re7+ Kg8 38. Nde4 Qe3+ 39. Kh1 Qe1+ 40. Kh2
Qxh4+ 41. Qh3 Qxh3+ 42. Kxh3 Kf8 43. Rh7 Ne8 44. d6 Ne5 45. Re7 Nd7 46. Rh7 Ng7
47. Nd5 Re8 48. Rh8+ Kf7 49. Rxe8 Nxe8 50. Nc7 Ng7 51. Nd5 Nf5 52. Ndf6 Nxf6
53. gxf6 Ke6 54. Kg2 Nxd6 0-1

[Event "C.to Provinciale BG"]
[Site "Bergamo ITA"]
[Date "2006.10.20"]
[Round "3"]
[White "Luizaga, Lucas"]
[Black "Maggioni, Oliviero"]
[Result "0-1"]
[WhiteElo "1428"]
[BlackElo "1550"]
[PlyCount "96"]
[EventDate "2006.10.06"]

1. e4 c5 2. Nf3 Nc6 3. d4 cxd4 4. Nxd4 a6 5. Nc3 e6 6. Bd3 Nxd4 7. Bxa6 Rxa6 8.
Qxd4 d6 9. e5 d5 10. O-O Qb6 11. Qg4 Ne7 12. b3 Ng6 13. Nxd5 Qc5 14. Ne3 Qxe5
15. Bd2 Bd6 16. g3 O-O 17. Nc4 Qd5 18. Rfd1 e5 19. Qh5 Qe6 20. Nxd6 Rxd6 21.
Bb4 Rxd1+ 22. Rxd1 Re8 23. Rd6 Qf5 24. Qxf5 Bxf5 25. c4 Bb1 26. a3 Bc2 27. Rb6
Bxb3 28. Rxb7 Bxc4 29. Bd6 h6 30. Rb8 Rxb8 31. Bxb8 e4 32. a4 Kf8 33. Kg2 Ke7
34. f4 Ke6 35. Kf2 Kd5 36. Ke3 Ne7 37. a5 Nf5+ 38. Kf2 Kd4 39. Ba7+ Kd3 40. Ke1
Nd4 41. Bxd4 Kxd4 42. h3 f5 43. Kd2 e3+ 44. Kd1 Ke4 45. Ke1 Kf3 46. g4 fxg4 47.
hxg4 Kxf4 48. Kd1 Kf3 0-1

[Event "C.to Provinciale BG"]
[Site "Bergamo ITA"]
[Date "2006.10.20"]
[Round "3"]
[White "Mangili, Riccardo"]
[Black "Beretta, Giovanni"]
[Result "0-1"]
[WhiteElo "1668"]
[BlackElo "1532"]
[PlyCount "70"]
[EventDate "2006.10.06"]

1. e4 e5 2. Nf3 d6 3. d4 exd4 4. Nxd4 Nf6 5. Nc3 g6 6. Bd3 Bg7 7. O-O O-O 8.
Bg5 c6 9. Qc1 Qb6 10. Nde2 Re8 11. Kh1 Nbd7 12. f4 Qc7 13. f5 d5 14. exd5 Ng4
15. Ng3 Bd4 16. Nd1 Re1 17. Qd2 Rxf1+ 18. Bxf1 Be5 19. Be2 Nxh2 20. Kxh2 Bxg3+
21. Kh1 Qe5 22. fxg6 hxg6 23. Qe3 cxd5 24. Qxe5 Nxe5 25. Nc3 Be6 26. Nb5 a6 27.
Nd4 Rc8 28. c3 Kg7 29. Rf1 Rf8 30. Bf6+ Kh7 31. Bxe5 Bxe5 32. Nxe6 Rh8 33.
Rxf7+ Kg8+ 34. Kg1 Kxf7 35. Bg4 Rh4 0-1

[Event "C.to Provinciale BG"]
[Site "Bergamo ITA"]
[Date "2006.10.20"]
[Round "3"]
[White "Mazzotti, Federico"]
[Black "Di Mauro, Valerio"]
[Result "1-0"]
[WhiteElo "1786"]
[BlackElo "1586"]
[PlyCount "113"]
[EventDate "2006.10.06"]

1. e4 c6 2. Nc3 d5 3. Nf3 Bg4 4. h3 Bxf3 5. Qxf3 Nf6 6. e5 Nfd7 7. d4 e6 8. Ne2
c5 9. c3 cxd4 10. cxd4 Nc6 11. Bd2 Qb6 12. Bc3 Bb4 13. Qg4 O-O-O 14. Rc1 Kb8
15. a3 Bxc3+ 16. bxc3 g6 17. Qf3 Rdf8 18. Qd3 Na5 19. Rb1 Qc6 20. Qc2 f6 21.
Nf4 Nc4 22. Qb3 Ndb6 23. Nd3 Nd7 24. Nb4 Qb6 25. Bxc4 dxc4 26. Qxc4 Ka8 27. O-O
Rc8 28. Qe2 Qc7 29. exf6 Rhf8 30. Qxe6 Rxf6 31. Qe7 Rd6 32. Nd3 Qc6 33. Ne5
Nxe5 34. Qxe5 Re8 35. Qb5 Qc8 36. Rfe1 Rde6 37. Rxe6 Rxe6 38. Qd5 Re7 39. c4 a6
40. c5 Qc7 41. Qc4 g5 42. d5 b5 43. Qd4 Qe5 44. Qxe5 Rxe5 45. Rd1 Kb7 46. c6+
Kc7 47. d6+ Kd8 48. Kf1 Re6 49. Rd5 h6 50. f4 gxf4 51. Kf2 a5 52. Kf3 Rf6 53.
Ke4 b4 54. axb4 axb4 55. Ke5 Rf8 56. Rb5 Kc8 57. Rxb4 1-0

[Event "C.to Provinciale BG"]
[Site "Bergamo ITA"]
[Date "2006.10.20"]
[Round "3"]
[White "Merletti, Vincenzo"]
[Black "Testa, Luigi"]
[Result "1/2-1/2"]
[WhiteElo "1545"]
[BlackElo "1572"]
[PlyCount "90"]
[EventDate "2006.10.06"]

1. d4 d5 2. c4 Nf6 3. cxd5 Qxd5 4. Nc3 Qd8 5. Nf3 e6 6. e4 Be7 7. Bc4 O-O 8.
O-O c6 9. e5 Nd5 10. Ne4 f5 11. exf6 Nxf6 12. Neg5 Nd5 13. Re1 Bxg5 14. Nxg5
Qf6 15. Ne4 Qf7 16. Qe2 Na6 17. Nd6 Qf6 18. Nxc8 Raxc8 19. Qxe6+ Qxe6 20. Rxe6
Nac7 21. Re5 Rce8 22. Rxe8 Rxe8 23. Bf4 Ne6 24. Bxd5 cxd5 25. Be5 Kf7 26. f4
Rc8 27. Rf1 Rc4 28. b3 Rc2 29. a4 a6 30. Rf3 Rc1+ 31. Kf2 Rc2+ 32. Kg3 b5 33.
axb5 axb5 34. h4 b4 35. f5 Nd8 36. h5 Rc3 37. Kf4 Rxf3+ 38. Kxf3 Nc6 39. g4 g6
40. hxg6+ hxg6 41. fxg6+ Kxg6 42. Kf4 Na5 43. Bd6 Nc6 44. g5 Nxd4 45. Bxb4 Nxb3
1/2-1/2

[Event "C.to Provinciale BG"]
[Site "Bergamo ITA"]
[Date "2006.10.20"]
[Round "3"]
[White "Mora, Lorenzo"]
[Black "Bosio, Giovanni"]
[Result "1-0"]
[WhiteElo "1837"]
[BlackElo "1643"]
[PlyCount "55"]
[EventDate "2006.10.06"]

1. e4 c5 2. Nf3 Nc6 3. d4 cxd4 4. Nxd4 e5 5. Nb5 a6 6. Nd6+ Bxd6 7. Qxd6 Qe7 8.
Qxe7+ Ngxe7 9. f4 Nd4 10. Na3 b5 11. fxe5 b4 12. c3 bxa3 13. cxd4 axb2 14. Bxb2
Bb7 15. d5 O-O 16. Bc4 Rac8 17. Bb3 Kh8 18. O-O Ng6 19. Rf2 Rce8 20. Raf1 Nxe5
21. Bxe5 Rxe5 22. Rxf7 Rxf7 23. Rxf7 Re8 24. Rxd7 Bc8 25. Rc7 Bg4 26. d6 h6 27.
h3 Be2 28. d7 1-0